[Event "Moratalaz Open 2007"]
[Site "Madrid ESP"]
[Date "2007.09.20"]
[Round "6.6"]
[White "Barez Menendez, Hector"]
[Black "Almagro Llanas, Pablo"]
[Result "1/2-1/2"]
[WhiteElo "2169"]
[BlackElo "2413"]
[PlyCount "58"]
[EventDate "2007.09.15"]
[EventType "swiss"]
[EventRounds "9"]
[EventCountry "ESP"]
[Source "lmi"]
[SourceDate "2007.09.13"]

1. d4 Nf6 2. Nf3 b6 3. c4 Bb7 4. e3 e6 5. Bd3 c5 6. O-O Be7 7. b3 cxd4 8. exd4
d5 9. Bb2 Nc6 10. Nbd2 O-O 11. Rc1 Rc8 12. Qe2 Qd6 13. Rfd1 Rfd8 14. Ne5 dxc4
15. Ndxc4 Qd5 16. Ne3 Qa5 17. N3c4 Qd5 18. Ne3 Qd6 19. N3c4 Qb8 20. Nxc6 Rxc6
21. Ne5 Rxc1 22. Rxc1 Bd6 23. Bc4 Nd5 24. Qh5 g6 25. Qh4 Be7 26. Qh6 Bf8 27.
Qh4 Be7 28. Qh6 Bf8 29. Qh4 Be7 1/2-1/2

[Event "Moratalaz Open 2007"]
[Site "Madrid ESP"]
[Date "2007.09.20"]
[Round "6.7"]
[White "Elissalt Cardenas, Hector"]
[Black "Ivanovich Balsinde, Nicholas"]
[Result "1-0"]
[WhiteElo "2329"]
[BlackElo "2151"]
[PlyCount "51"]
[EventDate "2007.09.15"]
[EventType "swiss"]
[EventRounds "9"]
[EventCountry "ESP"]
[Source "lmi"]
[SourceDate "2007.09.13"]

1. d4 Nf6 2. Nf3 c5 3. e3 g6 4. c3 Qc7 5. Nbd2 Bg7 6. Bd3 d6 7. O-O O-O 8. e4
Nbd7 9. d5 c4 10. Bc2 e6 11. dxe6 fxe6 12. Nd4 Nb6 13. a4 e5 14. a5 Bg4 15.
axb6 axb6 16. Rxa8 Bxd1 17. Ne6 Qf7 18. Nxf8 Bxc2 19. Ne6+ Ne8 20. Ng5 Qe7 21.
Nxc4 Bf8 22. Nxb6 Nc7 23. Nd5 Nxd5 24. exd5 Bf5 25. Ne6 Bxe6 26. Bh6 1-0

[Event "Moratalaz Open 2007"]
[Site "Madrid ESP"]
[Date "2007.09.20"]
[Round "6.8"]
[White "Perez Mitjans, Orelvis"]
[Black "Quintero Torres, Pedro"]
[Result "1-0"]
[WhiteElo "2412"]
[BlackElo "2084"]
[PlyCount "61"]
[EventDate "2007.09.15"]
[EventType "swiss"]
[EventRounds "9"]
[EventCountry "ESP"]
[Source "lmi"]
[SourceDate "2007.09.13"]

1. e4 c5 2. Nf3 e6 3. d4 cxd4 4. Nxd4 Nc6 5. Nxc6 dxc6 6. Bd3 Nf6 7. O-O e5 8.
Nd2 Be6 9. Qe1 Qc7 10. a4 Bb4 11. Qe3 O-O 12. Nf3 Be7 13. Ng5 Bg4 14. Qg3 Bh5
15. f4 exf4 16. Bxf4 Qb6+ 17. Kh1 Bg6 18. Be3 Qd8 19. Rad1 Qc8 20. e5 Nd5 21.
Bxg6 fxg6 22. Bd2 Rxf1+ 23. Rxf1 Bxg5 24. Qxg5 Qd8 25. Qg4 Qc8 26. e6 Nf6 27.
Qe2 Qc7 28. e7 Re8 29. Qe6+ Kh8 30. Rxf6 gxf6 31. Bc3 1-0

[Event "Moratalaz Open 2007"]
[Site "Madrid ESP"]
[Date "2007.09.20"]
[Round "6.9"]
[White "Esquivias Gomez, Francisco Javier"]
[Black "De la Fuente Gonzalez, Francisco"]
[Result "1-0"]
[WhiteElo "2060"]
[BlackElo "2230"]
[PlyCount "67"]
[EventDate "2007.09.15"]
[EventType "swiss"]
[EventRounds "9"]
[EventCountry "ESP"]
[Source "lmi"]
[SourceDate "2007.09.13"]

1. e4 e5 2. d4 exd4 3. Nf3 Nc6 4. Bc4 Nf6 5. e5 d5 6. Bb5 Ne4 7. Nxd4 Bc5 8.
O-O O-O 9. Bxc6 bxc6 10. c3 Ba6 11. Re1 Qh4 12. Be3 Bxd4 13. Qxd4 Rab8 14. Qxa7
Bd3 15. Qd4 Ba6 16. b4 c5 17. bxc5 Qe7 18. Qxd5 Ng5 19. Bxg5 Qxg5 20. Qe4 Rb2
21. c4 Qg6 22. Nc3 Rc2 23. Qd4 Qe6 24. Qd3 Rb2 25. Nd5 c6 26. Nb6 Qg6 27. Re4
f5 28. Rf4 Qg5 29. g3 Rd8 30. Qa3 Rdd2 31. Qxa6 Rxf2 32. Qc8+ Kf7 33. Qd7+ Kf8
34. Rxf2 1-0

[Event "Moratalaz Open 2007"]
[Site "Madrid ESP"]
[Date "2007.09.20"]
[Round "6.10"]
[White "Estrada Martinez, Cesar"]
[Black "Castejon Caballero, Natalia"]
[Result "1-0"]
[WhiteElo "2211"]
[BlackElo "2060"]
[PlyCount "79"]
[EventDate "2007.09.15"]
[EventType "swiss"]
[EventRounds "9"]
[EventCountry "ESP"]
[Source "lmi"]
[SourceDate "2007.09.13"]

1. Nf3 d5 2. g3 Nf6 3. Bg2 g6 4. c4 c6 5. b3 Bg7 6. Bb2 O-O 7. O-O a5 8. d3
Nbd7 9. Nbd2 Re8 10. cxd5 Nxd5 11. Bxg7 Kxg7 12. Nc4 e5 13. Qd2 b5 14. Nd6 Re7
15. Rac1 Qb6 16. e4 N5f6 17. d4 Ba6 18. Rfd1 Rd8 19. dxe5 Ng4 20. Bh3 h5 21.
Bxg4 hxg4 22. Qg5 Re6 23. Qxg4 Nxe5 24. Nxe5 Rexd6 25. Rxd6 Rxd6 26. Qf3 Qc7
27. Ng4 Bc8 28. e5 Re6 29. Qf4 g5 30. Qd4 Qd7 31. Qxd7 Bxd7 32. Rd1 Re7 33. Nf6
Bf5 34. f4 gxf4 35. gxf4 c5 36. Rc1 c4 37. bxc4 bxc4 38. Kf2 Be6 39. Rg1+ Kh6
40. Ng8+ 1-0

[Event "Moratalaz Open 2007"]
[Site "Madrid ESP"]
[Date "2007.09.20"]
[Round "6.11"]
[White "Ballesteros Gonzalez, David"]
[Black "Toranzo Fernandez, Dionisio"]
[Result "1-0"]
[WhiteElo "2196"]
[BlackElo "2022"]
[PlyCount "65"]
[EventDate "2007.09.15"]
[EventType "swiss"]
[EventRounds "9"]
[EventCountry "ESP"]
[Source "lmi"]
[SourceDate "2007.09.13"]

1. d4 Nf6 2. c4 e6 3. Nc3 Bb4 4. Qc2 O-O 5. a3 Bxc3+ 6. Qxc3 d6 7. Nf3 b6 8.
Bg5 Bb7 9. e3 Nbd7 10. Bd3 Qe8 11. Bf4 a5 12. b4 axb4 13. axb4 Rxa1+ 14. Qxa1
Qa8 15. Ke2 Be4 16. Qb2 Bxd3+ 17. Kxd3 Qe4+ 18. Ke2 Ra8 19. Rc1 Nh5 20. Bg3
Nxg3+ 21. hxg3 Ra4 22. Ne1 Qa8 23. Rc2 c5 24. dxc5 dxc5 25. bxc5 bxc5 26. Qb5
Qa7 27. Rd2 Nf8 28. Rd8 Ra2+ 29. Kf1 Qe7 30. Qb8 h5 31. Re8 Qf6 32. Rxf8+ Kh7
33. Qb1+ 1-0

[Event "Moratalaz Open 2007"]
[Site "Madrid ESP"]
[Date "2007.09.20"]
[Round "6.12"]
[White "Horcajada Reales, Guillermo"]
[Black "Arauz Alonso, Fernando"]
[Result "1/2-1/2"]
[WhiteElo "2190"]
[BlackElo "1965"]
[PlyCount "85"]
[EventDate "2007.09.15"]
[EventType "swiss"]
[EventRounds "9"]
[EventCountry "ESP"]
[Source "lmi"]
[SourceDate "2007.09.13"]

1. e4 c6 2. d4 d5 3. exd5 cxd5 4. c4 Nf6 5. Nc3 e6 6. Nf3 Nc6 7. Bg5 Be7 8. a3
dxc4 9. Bxc4 O-O 10. O-O a6 11. Qd3 b5 12. Bb3 Bb7 13. Bc2 g6 14. Bh6 Re8 15.
b4 Rc8 16. Bb3 Ng4 17. Be3 Nce5 18. Nxe5 Nxe5 19. Qd2 Nc4 20. Bxc4 Rxc4 21.
Rfc1 Qa8 22. f3 Rec8 23. Ne2 a5 24. bxa5 Bd8 25. Qb2 Qxa5 26. Rxc4 Rxc4 27. Bd2
Qb6 28. Rc1 Bd5 29. Be3 e5 30. Kf2 exd4 31. Bxd4 Qc6 32. Rxc4 Bxc4 33. Nc3 Bd3
34. Qd2 Bc4 35. Qe3 Bf6 36. Ne4 Bg7 37. Qc3 Bxd4+ 38. Qxd4 Be6 39. Nf6+ Kg7 40.
Ne4+ Kg8 41. Nf6+ Kg7 42. Ng4+ Kg8 43. Nf6+ 1/2-1/2

[Event "Moratalaz Open 2007"]
[Site "Madrid ESP"]
[Date "2007.09.20"]
[Round "6.13"]
[White "Garcia Reino, Eduardo Javier"]
[Black "Enjuto Velasco, Roberto"]
[Result "0-1"]
[WhiteElo "1889"]
[BlackElo "2181"]
[PlyCount "68"]
[EventDate "2007.09.15"]
[EventType "swiss"]
[EventRounds "9"]
[EventCountry "ESP"]
[Source "lmi"]
[SourceDate "2007.09.13"]

1. e4 c5 2. Nc3 Nc6 3. g3 g6 4. Bg2 Bg7 5. d3 d6 6. Be3 Rb8 7. Qd2 b5 8. Nge2
Nd4 9. Nd1 e6 10. c3 Nxe2 11. Qxe2 b4 12. O-O Ne7 13. Qd2 O-O 14. Bh6 Bxh6 15.
Qxh6 bxc3 16. bxc3 Ba6 17. Qd2 d5 18. Re1 dxe4 19. Bxe4 Rb6 20. Nb2 Qd7 21.
Rad1 Rd8 22. Qc2 Rd6 23. Rd2 Nd5 24. Red1 Nf6 25. Bf3 e5 26. Be2 e4 27. Kf1 Bb7
28. d4 e3 29. fxe3 Qh3+ 30. Ke1 Qxh2 31. Bf1 Qxg3+ 32. Rf2 Ng4 33. Rdd2 Re6 34.
Nd1 Rde8 0-1

[Event "Moratalaz Open 2007"]
[Site "Madrid ESP"]
[Date "2007.09.20"]
[Round "6.14"]
[White "Garcia Ruido, Ricardo"]
[Black "Herrero Corada, Jose Ignacio"]
[Result "0-1"]
[WhiteElo "2158"]
[BlackElo "1942"]
[PlyCount "68"]
[EventDate "2007.09.15"]
[EventType "swiss"]
[EventRounds "9"]
[EventCountry "ESP"]
[Source "lmi"]
[SourceDate "2007.09.13"]

1. e4 c6 2. d4 d5 3. e5 Bf5 4. h4 h5 5. c4 e6 6. Nc3 Ne7 7. Be2 Nd7 8. cxd5
cxd5 9. a3 Nc6 10. b4 Rc8 11. Na4 Bxb4+ 12. axb4 Nxb4 13. Kf1 Nc2 14. Ra2 Qc7
15. Be3 Qa5 16. Bd2 Qc7 17. Be3 Qa5 18. Bd2 Qc7 19. Bc3 b5 20. Bxb5 Rb8 21. Rb2
Rxb5 22. Rxb5 Qc4+ 23. Ne2 Qxb5 24. Nb2 O-O 25. Qd2 a5 26. f3 a4 27. Kf2 a3 28.
Nd1 a2 29. Ne3 Nxe3 30. Kxe3 Ra8 31. Ba1 Nb6 32. Kf4 Nc4 33. Qe1 Na3 34. Nc3
Qc4 0-1

[Event "Moratalaz Open 2007"]
[Site "Madrid ESP"]
[Date "2007.09.20"]
[Round "6.15"]
[White "Andalon Gomez, Carlos J"]
[Black "Gago Padreny, Ignacio"]
[Result "0-1"]
[WhiteElo "2037"]
[BlackElo "2124"]
[PlyCount "38"]
[EventDate "2007.09.15"]
[EventType "swiss"]
[EventRounds "9"]
[EventCountry "ESP"]
[Source "lmi"]
[SourceDate "2007.09.13"]

1. d4 d5 2. c4 e6 3. Nc3 Be7 4. Nf3 Nf6 5. Bg5 O-O 6. Qc2 h6 7. Bh4 b6 8. e3
Bb7 9. Bxf6 Bxf6 10. cxd5 exd5 11. O-O-O Qe7 12. h4 g6 13. g4 Bg7 14. Kb1 c5
15. Ne2 Rc8 16. Qd2 Qe4+ 17. Ka1 Qxf3 18. g5 Qxh1 19. Ng3 Qxh4 0-1

[Event "Moratalaz Open 2007"]
[Site "Madrid ESP"]
[Date "2007.09.20"]
[Round "6.16"]
[White "Durao, Joaquim"]
[Black "Baldwin del Castillo, Ricardo"]
[Result "0-1"]
[WhiteElo "2121"]
[BlackElo "1965"]
[PlyCount "84"]
[EventDate "2007.09.15"]
[EventType "swiss"]
[EventRounds "9"]
[EventCountry "ESP"]
[Source "lmi"]
[SourceDate "2007.09.13"]

1. e4 c5 2. Nf3 d6 3. d4 cxd4 4. Nxd4 Nf6 5. Nc3 a6 6. f4 Qc7 7. Bd3 b5 8. Qf3
e6 9. O-O Bb7 10. Be3 Nbd7 11. Rae1 Nc5 12. Bf2 b4 13. Nb1 Rd8 14. Nd2 Be7 15.
Qh3 h5 16. Kh1 Qc8 17. Qg3 Qa8 18. h3 Nfxe4 19. Nxe4 Nxe4 20. Bxe4 Bxe4 21.
Qxg7 Rh7 22. Qg3 h4 23. Qh2 Rg7 24. Rg1 Kd7 25. Re2 Rdg8 26. Be1 Bf6 27. c3
bxc3 28. Bxc3 Rg3 29. Nxe6 fxe6 30. Bxf6 Bf5 31. Rc1 Rxh3 32. Qxh3 Bxh3 33.
Rec2 Bxg2+ 34. Kh2 e5 35. f5 Bc6 36. Bxh4 Rg2+ 37. Rxg2 Bxg2 38. Rg1 Qh8 39.
Kg3 Bd5 40. Kh3 Qh5 41. Rg7+ Kc6 42. f6 Qf3+ 0-1

[Event "Moratalaz Open 2007"]
[Site "Madrid ESP"]
[Date "2007.09.20"]
[Round "6.17"]
[White "Martin Consuegra, Barrilero Javier"]
[Black "Coleto Calderon, Jose Antonio"]
[Result "1/2-1/2"]
[WhiteElo "1970"]
[BlackElo "2159"]
[PlyCount "39"]
[EventDate "2007.09.15"]
[EventType "swiss"]
[EventRounds "9"]
[EventCountry "ESP"]
[Source "lmi"]
[SourceDate "2007.09.13"]

1. d4 Nf6 2. Bg5 c5 3. Bxf6 gxf6 4. d5 Qb6 5. Qc1 Bh6 6. e3 f5 7. g3 Bg7 8. c3
e6 9. Bg2 Na6 10. Ne2 Nc7 11. Nf4 e5 12. Nh5 O-O 13. Nxg7 Kxg7 14. Qd2 Qf6 15.
Na3 d6 16. c4 Bd7 17. O-O a6 18. Qa5 Qd8 19. Qb6 Ne8 20. Qxb7 1/2-1/2

[Event "Moratalaz Open 2007"]
[Site "Madrid ESP"]
[Date "2007.09.20"]
[Round "6.18"]
[White "Alvarez Escudero, Manuel"]
[Black "Unciti Juan, Javier"]
[Result "0-1"]
[WhiteElo "1959"]
[BlackElo "2139"]
[PlyCount "40"]
[EventDate "2007.09.15"]
[EventType "swiss"]
[EventRounds "9"]
[EventCountry "ESP"]
[Source "lmi"]
[SourceDate "2007.09.13"]

1. e4 e5 2. Nf3 d6 3. d4 Nd7 4. Bg5 Be7 5. Bxe7 Qxe7 6. Bd3 Ngf6 7. Nbd2 Nf8 8.
O-O Ng6 9. dxe5 dxe5 10. h3 O-O 11. Nc4 b5 12. Ne3 Rd8 13. Qe1 a6 14. Rd1 Nf4
15. Kh2 c5 16. Nd5 N4xd5 17. exd5 e4 18. Nd2 Qd6+ 19. Kg1 exd3 20. c4 Re8 0-1

[Event "Moratalaz Open 2007"]
[Site "Madrid ESP"]
[Date "2007.09.20"]
[Round "6.19"]
[White "Vega Gomez, Francisco Borja"]
[Black "Tejedor Ariza, Francisco"]
[Result "0-1"]
[WhiteElo "2117"]
[BlackElo "1952"]
[PlyCount "96"]
[EventDate "2007.09.15"]
[EventType "swiss"]
[EventRounds "9"]
[EventCountry "ESP"]
[Source "lmi"]
[SourceDate "2007.09.13"]

1. d4 d5 2. c4 e6 3. Nf3 Nf6 4. g3 b6 5. Bg2 Bb7 6. Ne5 Bb4+ 7. Bd2 Bxd2+ 8.
Nxd2 O-O 9. Rc1 Nbd7 10. Ndf3 Rc8 11. Nxd7 Nxd7 12. Ne5 Nxe5 13. dxe5 Qd7 14.
c5 Qb5 15. Qd4 Qa5+ 16. b4 Qa4 17. O-O Ba6 18. Rfe1 Bc4 19. cxb6 axb6 20. Qc3
Ra8 21. Rc2 Qa3 22. Qd2 Ra7 23. Rb1 b5 24. Rbb2 Qa6 25. Qd4 Rfa8 26. e4 c6 27.
Bf1 Qb7 28. Qd2 Ra3 29. exd5 cxd5 30. Bxc4 bxc4 31. Qd4 Rd3 32. Qg4 Ra4 33. b5
Ra5 34. b6 Ra6 35. h4 h6 36. a4 Rxb6 37. Qe2 Rxb2 38. Rxb2 Qa7 39. Ra2 Rxg3+
40. Kh2 Rb3 41. a5 Qd4 42. Qh5 Rb7 43. a6 Ra7 44. Ra3 Qxf2+ 45. Kh1 Qe1+ 46.
Kg2 c3 47. Qf3 Qd2+ 48. Kg3 c2 0-1

[Event "Moratalaz Open 2007"]
[Site "Madrid ESP"]
[Date "2007.09.20"]
[Round "6.20"]
[White "Alcaraz Amoros, Antonio"]
[Black "Sanchez-Alarcos Galian, Victor"]
[Result "1-0"]
[WhiteElo "2135"]
[BlackElo "1958"]
[PlyCount "65"]
[EventDate "2007.09.15"]
[EventType "swiss"]
[EventRounds "9"]
[EventCountry "ESP"]
[Source "lmi"]
[SourceDate "2007.09.13"]

1. c4 Nf6 2. Nc3 e5 3. g3 Bc5 4. Bg2 O-O 5. e3 Re8 6. Nge2 Nc6 7. a3 a6 8. b4
Ba7 9. d3 d6 10. O-O Bf5 11. Bb2 Qd7 12. Re1 Bh3 13. Bh1 Ng4 14. Qd2 f5 15. Nd1
Rf8 16. Bd5+ Kh8 17. Kh1 f4 18. gxf4 Nf6 19. Rg1 Nxd5 20. cxd5 Bg4 21. Rg3 Ne7
22. fxe5 dxe5 23. Kg1 Nf5 24. Rxg4 Nxe3 25. Nxe3 Bxe3 26. Qxe3 Qxg4+ 27. Ng3 h5
28. Qxe5 h4 29. Qh5+ Qxh5 30. Nxh5 Rf7 31. Rc1 Re8 32. Bxg7+ Kg8 33. Nf6+ 1-0

[Event "Moratalaz Open 2007"]
[Site "Madrid ESP"]
[Date "2007.09.21"]
[Round "7.1"]
[White "Vazquez, Renier"]
[Black "Korneev, Oleg"]
[Result "1-0"]
[WhiteElo "2553"]
[BlackElo "2565"]
[PlyCount "113"]
[EventDate "2007.09.15"]
[EventType "swiss"]
[EventRounds "9"]
[EventCountry "ESP"]
[Source "lmi"]
[SourceDate "2007.09.13"]

1. Nf3 d5 2. d4 Nf6 3. c4 e6 4. Nc3 c6 5. cxd5 exd5 6. Qc2 g6 7. Bg5 Be7 8. e4
dxe4 9. Bxf6 Bxf6 10. Qxe4+ Kf8 11. Bc4 Bf5 12. Qf4 Qe7+ 13. Kf1 h5 14. a3 Nd7
15. Re1 Qd8 16. Ne4 Nb6 17. Bb3 Nd5 18. Bxd5 cxd5 19. Nd6 Qd7 20. Ne5 Bxe5 21.
dxe5 Kg7 22. h3 Rhf8 23. g4 Be4 24. Qf6+ Kh7 25. f3 Bd3+ 26. Kf2 Qe6 27. Re3
Ba6 28. Qxe6 fxe6 29. Kg3 Rad8 30. Rc1 Rd7 31. Rec3 Be2 32. Kf2 Ba6 33. Rc7 Rg7
34. Rxg7+ Kxg7 35. Rc7+ Kh6 36. Nf7+ Kg7 37. Ng5+ Kg8 38. Nxe6 Re8 39. Rg7+ Kh8
40. Rxg6 hxg4 41. hxg4 d4 42. Nc7 Rxe5 43. Nxa6 bxa6 44. Rd6 Rb5 45. b4 a5 46.
Rxd4 axb4 47. axb4 a5 48. bxa5 Rxa5 49. Rd7 Kg8 50. Kg3 Ra3 51. Rb7 Rc3 52. g5
Ra3 53. Kg4 Rc3 54. f4 Ra3 55. f5 Rc3 56. Kh5 Rb3 57. Rxb3 1-0

[Event "Moratalaz Open 2007"]
[Site "Madrid ESP"]
[Date "2007.09.21"]
[Round "7.2"]
[White "Gonzalez Somoza, Oliver"]
[Black "Moreno Ruiz, Javier"]
[Result "0-1"]
[WhiteElo "2343"]
[BlackElo "2466"]
[PlyCount "86"]
[EventDate "2007.09.15"]
[EventType "swiss"]
[EventRounds "9"]
[EventCountry "ESP"]
[Source "lmi"]
[SourceDate "2007.09.13"]

1. d4 Nf6 2. c4 e6 3. Nf3 Bb4+ 4. Nc3 c5 5. e3 O-O 6. Qc2 b6 7. a3 Bxc3+ 8.
bxc3 Bb7 9. Bd3 d5 10. O-O dxc4 11. Bxc4 Nbd7 12. a4 Qc7 13. Be2 Rfc8 14. Qa2
Ne4 15. Bd2 Ndf6 16. h3 Nd5 17. Rfc1 cxd4 18. cxd4 Ndc3 19. Bxc3 Nxc3 20. Qd2
Nxe2+ 21. Qxe2 Qxc1+ 22. Rxc1 Rxc1+ 23. Kh2 Rac8 24. e4 R1c4 25. Qe3 Rxa4 26.
Ne5 Rb4 27. Qf4 f6 28. Nf3 Rbc4 29. Qd6 Re8 30. d5 exd5 31. exd5 Rcc8 32. Qd7
Ba8 33. Nd4 Rcd8 34. Qxa7 Rxd5 35. Qxb6 Rde5 36. f3 Bd5 37. h4 Bf7 38. g4 h5
39. Kg3 hxg4 40. fxg4 Re3+ 41. Kf2 Rd3 42. Nf5 Ra8 43. h5 Rb3 0-1

[Event "Moratalaz Open 2007"]
[Site "Madrid ESP"]
[Date "2007.09.21"]
[Round "7.3"]
[White "Roa Alonso, Santiago"]
[Black "Elissalt Cardenas, Hector"]
[Result "1-0"]
[WhiteElo "2445"]
[BlackElo "2329"]
[PlyCount "93"]
[EventDate "2007.09.15"]
[EventType "swiss"]
[EventRounds "9"]
[EventCountry "ESP"]
[Source "lmi"]
[SourceDate "2007.09.13"]

1. e4 e6 2. d4 d5 3. Nc3 Nc6 4. Nf3 Nf6 5. exd5 exd5 6. Bb5 a6 7. Bxc6+ bxc6 8.
O-O Be7 9. Ne5 Bb7 10. Na4 O-O 11. Re1 Nd7 12. Bf4 Nxe5 13. Bxe5 f6 14. Bg3 Rf7
15. Qd2 a5 16. a3 Ba6 17. f3 Bb5 18. Nc5 Bxc5 19. dxc5 a4 20. Bf2 Qd7 21. Bd4
Re8 22. Rxe8+ Qxe8 23. Re1 Re7 24. Rxe7 Qxe7 25. Kf2 Kf7 26. h4 h5 27. b3 Qe6
28. bxa4 Bxa4 29. Qa5 Bxc2 30. Qxc7+ Kg6 31. Qd6 Qe8 32. Qf4 Qa8 33. g4 hxg4
34. fxg4 Qxa3 35. h5+ Kh7 36. g5 Qa2 37. Kg3 Qb3+ 38. Kh4 fxg5+ 39. Qxg5 Qb7
40. h6 gxh6 41. Qf6 Bd1 42. Qf5+ Kg8 43. Qg6+ Kf8 44. Qxh6+ Ke8 45. Qh8+ Kd7
46. Qg7+ Kc8 47. Qf8+ 1-0

[Event "Moratalaz Open 2007"]
[Site "Madrid ESP"]
[Date "2007.09.21"]
[Round "7.4"]
[White "Almagro Llanas, Pablo"]
[Black "Esquivias Gomez, Francisco Javier"]
[Result "1-0"]
[WhiteElo "2413"]
[BlackElo "2060"]
[PlyCount "73"]
[EventDate "2007.09.15"]
[EventType "swiss"]
[EventRounds "9"]
[EventCountry "ESP"]
[Source "lmi"]
[SourceDate "2007.09.13"]

1. e4 g6 2. d4 Bg7 3. Nc3 d6 4. Be3 c6 5. Qd2 Qa5 6. f3 b5 7. Nge2 h5 8. Nc1 b4
9. Nd1 Qb6 10. a3 b3 11. Nxb3 a5 12. Be2 Ba6 13. a4 Bxe2 14. Qxe2 Nf6 15. O-O
O-O 16. Bf2 Na6 17. Ne3 d5 18. e5 Nd7 19. f4 e6 20. Be1 Nb4 21. Nd1 Rab8 22.
Bxb4 Qxb4 23. Nf2 Qc4 24. Qxc4 dxc4 25. Nxa5 Rxb2 26. c3 c5 27. Nxc4 Rc2 28.
Rfc1 Rxc1+ 29. Rxc1 cxd4 30. cxd4 Rc8 31. a5 Nb8 32. Nd3 Bf8 33. Nb6 Rxc1+ 34.
Nxc1 Bb4 35. Nb3 Nc6 36. a6 Bc3 37. Nc8 1-0

[Event "Moratalaz Open 2007"]
[Site "Madrid ESP"]
[Date "2007.09.21"]
[Round "7.5"]
[White "Enjuto Velasco, Roberto"]
[Black "Perez Mitjans, Orelvis"]
[Result "0-1"]
[WhiteElo "2183"]
[BlackElo "2412"]
[PlyCount "54"]
[EventDate "2007.09.15"]
[EventType "swiss"]
[EventRounds "9"]
[EventCountry "ESP"]
[Source "lmi"]
[SourceDate "2007.09.13"]

1. Nf3 c5 2. e4 g6 3. d4 cxd4 4. Nxd4 Nf6 5. Nc3 d6 6. Bc4 Bg7 7. f3 O-O 8. Be3
Nc6 9. Qd2 Nd7 10. Nxc6 bxc6 11. h4 Ne5 12. Bb3 h5 13. O-O-O a5 14. a3 a4 15.
Ba2 Be6 16. Bh6 Bxh6 17. Qxh6 Bxa2 18. Nxa2 Qb6 19. Qd2 Rfb8 20. Qc3 Ra5 21.
Nb4 Rc5 22. Qd4 Qb5 23. Kb1 Rc4 24. Qd2 c5 25. Nd3 Rd4 26. Qc3 Nc4 27. Rde1
Nxb2 0-1

[Event "Moratalaz Open 2007"]
[Site "Madrid ESP"]
[Date "2007.09.21"]
[Round "7.6"]
[White "Herrero Corada, Jose Ignacio"]
[Black "Madina, Martin"]
[Result "0-1"]
[WhiteElo "1942"]
[BlackElo "2344"]
[PlyCount "48"]
[EventDate "2007.09.15"]
[EventType "swiss"]
[EventRounds "9"]
[EventCountry "ESP"]
[Source "lmi"]
[SourceDate "2007.09.13"]

1. e4 c5 2. d4 cxd4 3. Nf3 d6 4. c3 d3 5. Bxd3 Nc6 6. h3 g6 7. O-O Bg7 8. Qe2
Nf6 9. Rd1 Nd7 10. Bf4 O-O 11. c4 a5 12. Nc3 a4 13. Rac1 Nc5 14. Bb1 a3 15. e5
axb2 16. Qxb2 Qa5 17. Bd2 Nxe5 18. Nxe5 Bxe5 19. Qb5 Qxb5 20. cxb5 Be6 21. Bh6
Bg7 22. Bxg7 Kxg7 23. Nd5 Bxd5 24. Rxd5 Ra5 0-1

[Event "Moratalaz Open 2007"]
[Site "Madrid ESP"]
[Date "2007.09.21"]
[Round "7.7"]
[White "Gago Padreny, Ignacio"]
[Black "Estrada Martinez, Cesar"]
[Result "1-0"]
[WhiteElo "2124"]
[BlackElo "2211"]
[PlyCount "113"]
[EventDate "2007.09.15"]
[EventType "swiss"]
[EventRounds "9"]
[EventCountry "ESP"]
[Source "lmi"]
[SourceDate "2007.09.13"]

1. d4 d5 2. Nf3 Nf6 3. c4 c6 4. Nc3 g6 5. cxd5 Nxd5 6. e4 Nb6 7. Be3 Bg7 8. h3
O-O 9. Be2 Be6 10. O-O Bc4 11. Rc1 N8d7 12. e5 Rc8 13. b3 Bxe2 14. Qxe2 Nd5 15.
Nxd5 cxd5 16. Rxc8 Qxc8 17. Rc1 Qb8 18. Qb5 Nb6 19. a4 Rd8 20. Bd2 Rc8 21.
Rxc8+ Qxc8 22. a5 Qd7 23. Qc5 Nc8 24. b4 a6 25. Ne1 e6 26. Nd3 Bf8 27. Qc3 Na7
28. Nc5 Qc6 29. h4 Nb5 30. Qe3 b6 31. axb6 Qxb6 32. h5 Qc6 33. Qf4 a5 34. hxg6
hxg6 35. bxa5 Nxd4 36. Qxd4 Bxc5 37. Qh4 Bf8 38. Qd8 Qc2 39. Bg5 Kh7 40. a6 Bc5
41. Qf6 Qf5 42. Qxf5 gxf5 43. Be3 d4 44. Bf4 Kg6 45. Kf1 Ba7 46. Ke2 f6 47. Kd3
Kf7 48. Bg3 Kg6 49. f4 fxe5 50. fxe5 Kg5 51. Bf2 Kf4 52. Bxd4 Bb8 53. g3+ Kxg3
54. a7 Bxa7 55. Bxa7 f4 56. Ke4 f3 57. Be3 1-0

[Event "Moratalaz Open 2007"]
[Site "Madrid ESP"]
[Date "2007.09.21"]
[Round "7.9"]
[White "Solaesa Navalpotro, Luis Julio"]
[Black "Barez Menendez, Hector"]
[Result "1/2-1/2"]
[WhiteElo "2291"]
[BlackElo "2169"]
[PlyCount "77"]
[EventDate "2007.09.15"]
[EventType "swiss"]
[EventRounds "9"]
[EventCountry "ESP"]
[Source "lmi"]
[SourceDate "2007.09.13"]

1. d4 d5 2. c4 e6 3. Nc3 Nf6 4. cxd5 exd5 5. Bg5 c6 6. Qc2 Be7 7. e3 Nbd7 8.
Bd3 Nf8 9. Nge2 Ne6 10. Bh4 g6 11. f3 O-O 12. O-O b6 13. Rad1 Bb7 14. Bf2 Rc8
15. Qd2 c5 16. Bc2 c4 17. h3 Bc6 18. e4 b5 19. e5 Nd7 20. f4 b4 21. Nb1 f5 22.
g4 Ng7 23. Ng3 Nb6 24. gxf5 gxf5 25. Kh2 Be8 26. Rg1 Kh8 27. Qe2 Bg6 28. Nd2
Qe8 29. Qf3 c3 30. bxc3 Rxc3 31. Bd3 Bh5 32. Nxh5 Qxh5 33. Qg3 Ne6 34. Nb3 Rcc8
35. Rc1 Nc4 36. Bxc4 dxc4 37. Na5 c3 38. Rc2 Rg8 39. Qe3 1/2-1/2

[Event "Moratalaz Open 2007"]
[Site "Madrid ESP"]
[Date "2007.09.21"]
[Round "7.10"]
[White "Perez Pascual, Arturo"]
[Black "Horcajada Reales, Guillermo"]
[Result "1-0"]
[WhiteElo "2020"]
[BlackElo "2190"]
[PlyCount "45"]
[EventDate "2007.09.15"]
[EventType "swiss"]
[EventRounds "9"]
[EventCountry "ESP"]
[Source "lmi"]
[SourceDate "2007.09.13"]

1. e4 c5 2. Nf3 Nc6 3. d4 cxd4 4. Nxd4 Nf6 5. Nc3 e5 6. Ndb5 d6 7. Bg5 a6 8.
Bxf6 gxf6 9. Na3 b5 10. Nd5 f5 11. Bd3 Be6 12. O-O Bg7 13. c3 Bxd5 14. exd5 Ne7
15. Re1 O-O 16. Qh5 e4 17. Bf1 b4 18. cxb4 Bxb2 19. Rab1 Bxa3 20. Rb3 f6 21.
Rg3+ Ng6 22. Rxg6+ hxg6 23. Qxg6+ 1-0

[Event "Moratalaz Open 2007"]
[Site "Madrid ESP"]
[Date "2007.09.21"]
[Round "7.11"]
[White "Alarcia Astiz, Carlos"]
[Black "Vukotic Jovsic, Dragan"]
[Result "1-0"]
[WhiteElo "2173"]
[BlackElo "2018"]
[PlyCount "97"]
[EventDate "2007.09.15"]
[EventType "swiss"]
[EventRounds "9"]
[EventCountry "ESP"]
[Source "lmi"]
[SourceDate "2007.09.13"]

1. e4 c5 2. Nf3 d6 3. d4 cxd4 4. Nxd4 Nf6 5. Nc3 g6 6. f4 Nc6 7. Nf3 Bd7 8. Bd3
Bg7 9. O-O O-O 10. Qe1 Nb4 11. Kh1 Nxd3 12. cxd3 b5 13. a3 a5 14. Ne2 Qb6 15.
Bd2 Rfc8 16. Bc3 Qe3 17. Rd1 Rxc3 18. bxc3 Nh5 19. Nfd4 Bg4 20. Qd2 Qxd2 21.
Rxd2 b4 22. axb4 axb4 23. cxb4 Nxf4 24. h3 Bxe2 25. Nxe2 Nxe2 26. Rxe2 Bd4 27.
Rb1 Kf8 28. b5 Rb8 29. Rc2 Ke8 30. Rc4 e5 31. Kh2 Be3 32. Kg3 h5 33. Kf3 Bc5
34. g4 hxg4+ 35. Kxg4 Ke7 36. Ra4 Ke6 37. Ra6 Bb6 38. Rc1 f5+ 39. Kg3 f4+ 40.
Kf3 Kd7 41. Ra2 Rh8 42. Rh1 Rh5 43. Rg2 g5 44. Kg4 Rh4+ 45. Kxg5 Bd8+ 46. Kg6
f3 47. Rf2 Rf4 48. Rhf1 Rf6+ 49. Kg7 1-0